Microsoft word 2010 خطوة خطوة / (رقم التسجيلة. 13585)

تفاصيل مارك
000 -الفاتح
حقل البيانات ثابتة الطول 00987nam a22002537a 4500
003 - محدد رقم الضبط
رقم الضبط OSt
005 - وقت وتاريخ اخر تعامل مع التسجيلة
رقم الضبط 20150408113912.0
008 - عناصر البيانات ثابتة الطول - معلومات عامة
حقل البيانات ثابتة الطول 110825s2010 le ||||| k 00| 0 ara d
020 ## - الرقم الدولى المعيارى للكتب
الرقم الدولى المعيارى للكتاب 9786140100763
040 ## - مصدر الفهرسة
وكالة النسخ دار أجنادين.
082 ## - رقم تصنيف ديوى العشرى
رقم الطبعة 21
رقم التصنيف 005.3
رقم المادة ك ج خ
100 ## - المدخل الرئيسى - إسم شخصى
الإسم الشخصى كوكس، جويس.
9 (RLIN) 3186
245 ## - بيان العنوان
العنوان Microsoft word 2010 خطوة خطوة /
بيان المسئوليه,etc تأليف جويس كوكس، جوان لامبرت ؛ اوليغ عوكي.
246 ## - العنوان الموازى
عنوان صحيح/عنوان مختصر Microsoft word 2010
250 ## - بيان الطبعة
بيان الطبعة ط. 1.
260 ## - PUBLICATION, DISTRIBUTION, ETC. (IMPRINT)
مكان الناشر او الموزع بيروت :
اسم الناشر او الموزع الدار العربية للعلوم،
تاريخ النشر أو التوزيع 2010.
300 ## - الوصف المادى
التعداد 536 ص. :
تفاصيل ماديه اخرى للوعاء أشكال ؛
أبعاد الوعاء 24 سم.
500 ## - تبصرة عامة
تبصرة عامة الكتاب يضم ترجمة الأصل الإنجليزي Microsoft word 2010,step by step.
650 ## - المدخل الاضافى بالموضوع-مصطلح موضوعى
مصطلح موضوعي أو اسم جغرافي كعنصر مدخل مايكروسوفت وورد
9 (RLIN) 3228
650 ## - المدخل الاضافى بالموضوع-مصطلح موضوعى
مصطلح موضوعي أو اسم جغرافي كعنصر مدخل معالجة الكلمات
9 (RLIN) 3229
700 ## - المدخل الاضافى - اسم شخصى
الإسم الشخصى لامبرت، جوان،
الدور م. مشارك.
9 (RLIN) 3230
700 ## - المدخل الاضافى - اسم شخصى
الإسم الشخصى عوكي، اوليغ،
الدور مترجم.
9 (RLIN) 3176
942 ## - عناصر المدخل الإضافي( كوها)
مصدر التصنيف او مخطط الترفيف Dewey Decimal Classification
Koha [default] item type DVD
المقتنيات
حالة الفقد نموذج السعر الفعال حالة تلف ليس للاعارة رقم الطلب تاريخ الاكتساب الموقع الحالي الباركود الفرع الرئيسي Date last seen نوع المادة فى نظام كوها مصدر التصنيف او خطة الترفيف Total Checkouts
  2013-03-10     005.3 ك ج خ 2011-08-25 قسم الاجراءات الفنية (IC) 00102370 قسم الاجراءات الفنية (IC) 2013-03-10 كتاب Dewey Decimal Classification  
  2013-03-10     005.3 ك ج خ 2011-08-25 قسم الاجراءات الفنية (IC) 00102371 قسم الاجراءات الفنية (IC) 2013-03-10 كتاب Dewey Decimal Classification  
  2013-03-10     005.3 ك ج خ 2011-08-25 قسم الاجراءات الفنية (IC) 00102369 قسم الاجراءات الفنية (IC) 2013-03-10 كتاب Dewey Decimal Classification